000 00334nam a2200133Ia 4500
008 230411s9999 xx 000 0 und d
041 _aeng
082 _aF/617.93/PAR/B04411
100 _aParulekar Shashank
245 _aBandages
260 _bVora Medical Publications
_aMumbai
_c1999
300 _a96p
999 _c155079
_d155079